Score 0/30 Timer 03:00
0 Plays Today
% Correct
Tokyo
94.1%
Seoul
92.7%
Moscow
92.1%
Ulaanbaatar
89.2%
Pyongyang
88.2%
Ankara
86.9%
Tehran
86.8%
Baghdad
85.2%
Sana'a
85.1%
Kabul
84.9%
Muscat
83.6%
Bangkok
83.3%
Kathmandu
82.5%
Astana
82.1%
Jakarta
79.7%
% Correct
Dhaka
78%
Kuala Lumpur
77%
Phnom Penh
76.5%
Baku
76%
Doha
75.6%
Ashgabat
73.8%
Amman
73%
Jerusalem
72.3%
Dushanbe
72.2%
Yerevan
71.2%
Damascus
70.5%
Tashkent
70.4%
Ramallah
69.7%
Manama
67.9%
Malé
64.2%
Come Together.
Have Fun.
All Virtual.
We all need to come together. Play Sporcle's virtual live trivia to have fun, connect with people, and get your trivia on. Join a live hosted trivia game for your favorite pub trivia experience done virtually. If a virtual private party is more your thing, go here for details.

You're not logged in!

Compare scores with friends on all Sporcle quizzes.
OR
Log In

Sporcle TV

Today on Sporcle TV


Watch our educational content, quiz creation guides, and fun videos on Sporcle TV.

Show Comments

Extras

Top Quizzes Today


Score Distribution

Paid Content

Your Account Isn't Verified!

In order to create a playlist on Sporcle, you need to verify the email address you used during registration. Go to your Sporcle Settings to finish the process.

Report this User

Report this user for behavior that violates our Community Guidelines.

Details: